01131nam0a22002771 4500001001000000005001700010035002600027100004100053101000800094102000700102105001800109200008300127210003800210215001600248225004600264327016000310464005200470464006000522464005000582464005600632464004800688700005800736801001800794801002200812852001900834rc\99316720250622071250.0 a(NLR Aleph) 006160167 a20041129d1981 |||y0rusy50 ca0 arus aRU ay |||||||||1 aПятая матаeПовесть, рассказыfПетр Еремеев aМ.cСовременникd1981 a270 с.d161 aНовинки "Современника"1 aСодерж.: Пятая мата: Повесть; Рассказы: Егоршин день; Мальчишки; Ветлы шумят; На Чулыме 012001#$aПятая матаtПятая мата 012001#$aЕгоршин деньtЕгоршин день 012001#$aМальчишкиtМальчишки 012001#$aВетлы шумятtВетлы шумят 012001#$aНа ЧулымеtНа Чулыме 1aЕремеевbП.В.gПетр Васильевич 0aRUbNLRgpsbo 1aRUbELAR2rusmarc aNLRj81-2/1614